North American Sports Teams With the Same Name #2 - Statistics

General Stats
  • This quiz has been taken 363 times
  • The average score is 11 of 12
Answer Stats
Hint Answer % Correct
Jets New York
100%
Rangers New York
100%
Giants New York
100%
Cardinals Arizona
95%
Panthers Carolina
95%
Giants San Francisco
94%
Rangers Texas
93%
Kings Los Angeles
92%
Cardinals St. Louis
92%
Kings Sacramento
90%
Panthers Florida
85%
Jets Winnipeg
85%
No matching quizzes found
Score Distribution
Percent of People with Each Score
Percentile by Number Answered
Your Score History
You have not taken this quiz